Medieval India: (Record no. 13216)
[ view plain ]
| 000 -LEADER | |
|---|---|
| fixed length control field | 01692nam a22003017a 4500 |
| 005 - DATE AND TIME OF LATEST TRANSACTION | |
| control field | 20080603144117.0 |
| 010 ## - LCCN (DPL NO) | |
| LC control number | ENG-90283 B-456578-580 |
| 020 ## - INTERNATIONAL STANDARD BOOK NUMBER | |
| International Standard Book Number | 8123752563 |
| Terms of availability | 300.00 |
| 035 ## - SYSTEM CONTROL NUMBER | |
| System control number | EN-73816 B-456578-580 |
| 037 ## - SOURCE OF ACQUISITION | |
| Source of stock number/acquisition | DBAD / VEN |
| 037 ## - SOURCE OF ACQUISITION | |
| Source of stock number/acquisition | K.K.Pub/Ven |
| 082 ## - DEWEY DECIMAL CLASSIFICATION NUMBER | |
| Classification number | 954.02 |
| 100 ## - MAIN ENTRY--PERSONAL NAME | |
| Personal name | Irfan Habib |
| 245 ## - TITLE STATEMENT | |
| Title | Medieval India: |
| Remainder of title | the study of a civilization / |
| Statement of responsibility, etc | by Irfan Habib |
| 260 ## - PUBLICATION, DISTRIBUTION, ETC. (IMPRINT) | |
| Place of publication, distribution, etc | New Delhi |
| Name of publisher, distributor, etc | National Book Trust |
| Date of publication, distribution, etc | 2007 |
| 260 ## - PUBLICATION, DISTRIBUTION, ETC. (IMPRINT) | |
| Place of publication, distribution, etc | Delhi |
| Name of publisher, distributor, etc | North India Publishers & Distributors (Dis) |
| 270 ## - ADDRESS | |
| Address | A-5, Green Park, |
| City | New Delhi |
| Postal code | 110016 |
| 270 ## - ADDRESS | |
| Address | Phase-E-1/265, Gali no. 17, Sonia Vihar, |
| City | Delhi |
| Postal code | 110094 |
| 300 ## - PHYSICAL DESCRIPTION | |
| Extent | ix, 293p.: |
| Dimensions | 23 cm (Hb) |
| Other physical details | b&w photos |
| 490 ## - SERIES STATEMENT | |
| Series statement | Popular social science |
| -- | 49943 |
| 500 ## - GENERAL NOTE | |
| General note | Includes bibliographical references and index |
| 942 ## - ADDED ENTRY ELEMENTS (KOHA) | |
| Source of classification or shelving scheme | Dewey Decimal Classification |
| Item type | English Books |
| Classification part | 954.02 |
| Call number suffix | IRF |
| Withdrawn status | Lost status | Not for loan | Collection code | Home library | Current library | Date acquired | Source of acquisition | Cost, normal purchase price | Full call number | Barcode | Copy number | Cost, replacement price | Koha item type |
|---|---|---|---|---|---|---|---|---|---|---|---|---|---|
| Non-fiction | Central Library | Central Library | 06/07/2012 | K.K.Pub/1631/20.01.2012/19/16.01.2012/03.02.2012 | 300.00 | 954.02 IRF | B-456578 | 1 | 300.00 | English Books | |||
| Not For Loan | Non-fiction | D.B.Act.Division | D.B.Act.Division | 03/06/2008 | DBAD / PUB | 300.00 | 954.02 IRF | EN-73816 | 1 | 300.00 | English Books | ||
| Non-fiction | Patel Nagar | Patel Nagar | 06/07/2012 | K.K.Pub/1631/20.01.2012/19/16.01.2012/03.02.2012 | 300.00 | 954.02 IRF | B-456579 | 1 | 300.00 | English Books | |||
| Written-off vide DLB M. No. 383 dt 16.05.19 | Non-fiction | Sarojini Nagar | Sarojini Nagar | 06/07/2012 | K.K.Pub/1631/20.01.2012/19/16.01.2012/03.02.2012 | 300.00 | 954.02 IRF | B-456580 | 1 | 300.00 | English Books |
